Normal view MARC view
  • Rider Levett Bucknall

Entry Corporate Name

Number of records used in: 14

001 - CONTROL NUMBER

  • control field: 5520

003 - CONTROL NUMBER IDENTIFIER

  • control field: SIRSI

005 - DATE AND TIME OF LATEST TRANSACTION

  • control field: 20190806150243.0

008 - FIXED-LENGTH DATA ELEMENTS

  • fixed length control field: 080317n| acannaabn |n ana d

040 ## - CATALOGING SOURCE

  • Original cataloging agency: OSt
  • Transcribing agency: OSt

110 2# - HEADING--CORPORATE NAME

  • Corporate name or jurisdiction name as entry element: Rider Levett Bucknall

670 ## - SOURCE DATA FOUND

  • Source citation: International Construction Cost Commentary, 2007-